书目信息 |
| 题名: |
图说电源电路
|
|
| 作者: | 宁玉杰 主编 | |
| 分册: | ||
| 出版信息: | 沈阳 辽宁科学技术出版社 2003.01 |
|
| 页数: | 170页 | |
| 开本: | 26cm | |
| 丛书名: | 大屏幕彩色电视机实用单元电路图说系列 | |
| 单 册: | ||
| 中图分类: | TN949.12 | |
| 科图分类: | ||
| 主题词: | 电视--各种体制 | |
| 电子资源: | ||
| ISBN: | 7-5381-3716-5 | |
| 000 | 00678nam0 2200217 45 | |
| 001 | 0334722579 | |
| 005 | 2003111109384224 | |
| 010 | @a7-5381-3716-5@dRMB 20.00 | |
| 100 | @a20031111d2003 km y0chiy0120 ea | |
| 101 | 0 | @achi |
| 102 | @aCN@b210000 | |
| 200 | 1 | @a图说电源电路@Atu shuo dian yuan dian lu@f宁玉杰等主编@Fning yu jie deng zhu bian |
| 210 | @a沈阳@c辽宁科学技术出版社@d2003.01 | |
| 215 | @a170页@d26cm | |
| 225 | 2 | @a大屏幕彩色电视机实用单元电路图说系列 |
| 410 | 0 | @12001 @a大屏幕彩色电视机实用单元电路图说系列 |
| 606 | 0 | @a电视@x各种体制 |
| 690 | @aTN949.12@v3 | |
| 701 | 0 | @a宁玉杰@Aning yu jie@4主编 |
| 801 | 0 | @aCN@bPFT@c20031111 |
| 905 | @aBZT@dTN949.12@e2@f6 | |
| 图说电源电路/宁玉杰等主编.-沈阳:辽宁科学技术出版社,2003.01 |
| 170页;26cm.-(大屏幕彩色电视机实用单元电路图说系列) |
| ISBN 7-5381-3716-5:RMB 20.00 |
| ● |
| 相关链接 |
|
|
|
正题名:图说电源电路
索取号:TN949.12/2
 
预约/预借
| 序号 | 登录号 | 条形码 | 馆藏地/架位号 | 状态 | 备注 |
| 1 | 2001740457 | 2001740457 | 样本书库/样005架B面3层3列/ [索取号:TN949.12/2] | 在馆 |